| 000 | 00698nam a22001937a 4500 | ||
|---|---|---|---|
| 001 | 84624 | ||
| 003 | BD-RjUL | ||
| 005 | 20250129143657.0 | ||
| 008 | 250129s1952 le ||||| |||| 00| 0 ara d | ||
| 035 | _a(BD-RjUL) 84624 | ||
| 040 |
_aBD-RjUL _beng _cBD-RjUL |
||
| 041 | _aara | ||
| 082 |
_223 _a892.7107 _bBAH 1952 |
||
| 100 |
_aالباجوری ٫ ابراہیم ;; Al-Bajouri, Ibrahim _914863 |
||
| 245 |
_aحاشیہ الباجوری علی البردہ ;; haashiya albajuri ali albardah / _cابراہیم الباجوری ;; Ibrahim Al-Bajouri |
||
| 260 |
_aمصر: _bمکتبہ و مطبع محمد علی صبیح واولادہ, _c1952 |
||
| 300 |
_a80 p. ; _c27 cm |
||
| 942 |
_2ddc _cBK |
||
| 999 |
_c84624 _d84624 |
||